00323nam a2200109Ia 4500008004100000082000800041100002100049245002700070942000600097952009500103999001500198240331s9999 xx 000 0 und d bSIV aSivakumaran, K.S 0aThiranaivu entral enna cL 001040708LaWERCLbWERCLcSSCd2024-03-31l0o 809 SIVp1813r2024-03-31w2024-03-31yL c3670d3670